000
00297nam a22001337a 4500
003
SGT
020
_a
938426671
100
_a
MARATHA, SUSHMA
245
_a
HUMAN ANATOMY & PHYSIOLOGY -II
250
_a
1st
260
_a
BIRLA, PUB.
_b
DELHI
_c
2022
650
_a
ANATOMY, PHYSIOLOGY
942
_2
ddc
_c
BK
999
_c
24743
_d
24743